000 00412nam a2200193Ia 4500
008 210210b1958 xxu||||| |||| 00| 0 eng d
041 _aeng
082 _a828/624
100 _aTAGORE (R)
245 _aOn the edges of time
260 _aBombay
_bOrient Longman
_c1958
650 _atime
650 _athe
650 _aOn
650 _aof
650 _aedges
690 _aBiography
906 _a016469
999 _c135998
_d135998